Európai Unió és az Orosz Föderáció kapcsolatai 2014 után - a gazdasági szankciók, embargó hatása a kereskedelmi kapcsolatokra

Bibliográfiai részletek
Szerző: Sütő Ádám Sándor
További közreműködők: Majoros Dr. Pál
Dokumentumtípus: Diplomadolgozat
Kulcsszavak:Gazdasági szankciók
Embargó
Európai Unió
Ukrajna
Orosz-ukrán válság
Online Access:http://dolgozattar.uni-bge.hu/10009

MARC

LEADER 00000nta a2200000 i 4500
001 dolg10009
005 20170925105825.0
008 170426suuuu hu om 000 hun d
040 |a BGE Dolgozattár Repozitórium  |b hun 
041 |a hu 
100 1 |a Sütő Ádám Sándor 
245 1 0 |a Európai Unió és az Orosz Föderáció kapcsolatai 2014 után - a gazdasági szankciók, embargó hatása a kereskedelmi kapcsolatokra  |c Sütő Ádám Sándor  |h [elektronikus dokumentum] 
695 |a Gazdasági szankciók 
695 |a Embargó 
695 |a Európai Unió 
695 |a Ukrajna 
695 |a Orosz-ukrán válság 
700 1 |a Majoros Dr. Pál  |e ths 
856 4 0 |u http://dolgozattar.uni-bge.hu/10009/1/SZAKDOLGOZAT_S%C3%BCt%C5%91_%C3%81d%C3%A1m_V%C3%89GLEGES_20170423.pdf  |z Dokumentum-elérés